00285nam a2200121Ia 4500008004100000041000900041082001800050100002200068245001900090260003800109300000800147650000800155230718s9999 xx 000 0 und d aEng. a376.05bKHU-B aKhussan, Mohammad 0aBail Referen a aPakistanbManach book houjoc2010 a600 aLaw